000 06127cam a22018854i 4500
003 PE-LiUPU
005 20250813165332.0
008 151127s2013 sp a r 001 0 spa d
020 _a8415541627
020 _a9788415541622
035 _a(Sirsi) i9788415541622
040 _aPE-LiUPU
_bspa
_cPE-LiUPU
_erda
049 _aPRUA
082 0 4 _a613.264
_bB38
100 1 _aBenbassat, Bernard,
_eautor.
245 1 0 _aNueva gastronomía macrobiótica /
_cBernard Benbassat.
246 0 _iSubtítulo de la cubierta
_aUnión definitiva entre gastronomía y salud
250 _aPrimera edición.
264 1 _aBarcelona :
_bIntegral,
_c2013.
300 _a237 páginas :
_bilustraciones ;
_c25 centímetros
336 _atext
_2rdacontent
337 _aunmediated
_2rdamedia
338 _avolume
_2rdacarrier
504 _aÍndice : páginas 234-236.
505 0 _aMi percepción de la gastronomía y salud -- Recetas -- Desayunos -- Aperitivos -- Entrantes -- Segundos -- Postres -- Meriendas -- Tentempiés -- Bebidas -- Productos -- Índices -- Índice de recetas por tipo de plato -- Índice alfabético de recetas -- Índice alfabético de productos -- Recursos -- Índice de productos -- Aceite de girasol -- Aceite de oliva -- Agar-agar -- Ajo -- Algas (Kombu) -- Almendra -- Apio -- Arroz integral -- Avellana -- Avena -- Bacalao -- Boquerón -- Calabaza -- Canela -- Cáñamo -- Castañas -- Cebolla -- Ceps -- Champiñón -- Chía -- Col lombarda -- Col rizada -- Concentrado de agave -- Crema de algarroba -- Cúrcuma -- Daikon -- Dátil -- Espelta -- Espinaca -- Estevia -- Filo de arroz -- Flores -- Frambuesa -- Fresón -- Frutas del bosque -- Gallo -- Garbanzos -- Germen de trigo -- Guisantes frescos -- Harina integral -- Huevo -- Jengibre -- Judías -- Kiwi -- Kukicha -- Kuzu -- Lecitina de soja -- Lenteja -- Limón -- Maíz -- Manzana -- Mejillones -- Melaza de arroz -- Melón -- Menta -- Mermelada ecológica -- Mochi -- Nata vegetal -- Natto -- Nuez -- Pan esenio -- Pasas -- Pasta integral -- Perejil -- Plátano -- Pomelo -- Puerro -- Quinoa -- Remolacha -- Romero -- Sal gris -- Salmón -- Salvia -- Seitán -- Semillas (Sésamo)L -- Tamari -- Tenera -- Tofu -- Tomillo -- Umeboshi -- Vegetales liofilizadosá -- Vinagre de arroz.
526 _aP203
526 _aP200
526 _aSEG65
526 _aSEG64
526 _aSEG63
526 _aSEG62
526 _aSEG61
526 _aSEG60
526 _aSEG59
526 _aSEG58
526 _aSEG57
526 _aSEG56
526 _aSEG55
526 _aSEG54
526 _aSEG53
526 _aSEG52
526 _aSEG51
526 _aSEG50
526 _aSEG49
526 _aSEG48
526 _aSEG47
526 _aSEG46
526 _aSEG24
526 _aSEG23
526 _aSEG22
526 _aSEG21
526 _aSEG20
526 _aSEG19
526 _aSEG18
526 _aSEG17
526 _aSEG16
526 _aSEG14
526 _aSEG13
526 _aSEG12
526 _aSEG11
526 _aSEG10
526 _aSEG09
526 _aSEG06
526 _aSEG05
526 _aSEG04
526 _aSEG03
526 _aSEG02
526 _aSEG68
526 _aSEG66
526 _aSEG45
526 _aSEG25
526 _aSEG01
526 _aP163
526 _aP162
526 _aP161
526 _aP160
526 _aP159
526 _aP158
526 _aP157
526 _aP156
526 _aP155
526 _aP154
526 _aP153
526 _aP152
526 _aP151
526 _aP150
526 _aP149
526 _aP142
526 _aP141
526 _aP140
526 _aP139
526 _aP138
526 _aP137
526 _aP132
526 _aP131
526 _aP130
526 _aP126
526 _aP125
526 _aP124
526 _aP123
526 _aP115
526 _aP122
526 _aP121
526 _aP116
526 _a P114
526 _aP112
526 _aP111
526 _aP104
526 _aP103
526 _aP102
526 _aP101
526 _aP100
526 _aP96
526 _aP95
526 _aP93
526 _aP92
526 _aP91
526 _aP88
526 _aP83
526 _aP82
526 _aP79
526 _aP78
526 _aP75
526 _aP74
526 _aP71
526 _aP69
526 _a P51
526 _aP49
526 _aP48
526 _aP47
526 _aP33
526 _aP31
526 _a P30
526 _aP29
526 _aP27
526 _aP26
526 _aP25
526 _aP24
526 _a P22
526 _aP10
526 _aP09
526 _a P08
526 _aP06
526 _aP05
526 _aP04
526 _aP01
541 _g001-003040;
650 1 4 _aAlimentos naturales.
650 1 4 _aDietas macrobióticas
_vRecetas.
910 _ardg
_bjck
_crdg
_d20151127
942 _2ddc
_cBOOK
949 _a613.264 B38
_wDEWEY
_c1
_i72229
_lCCODEBUL1
_mBUL
_p36.76
_r0
_sY
_tBOOK
_u2015-11-27
_xSALUD
_PP33
_0COMPRA
_o.STAFF. Colección General
949 _a613.264 B38
_wDEWEY
_c2
_i72230
_lCCODEBUL1
_mBUL
_p36.76
_r0
_sY
_tBOOK
_u2015-11-27
_xSALUD
_PP33
_0COMPRA
_o.STAFF. Colección General
949 _a613.264 B38
_wDEWEY
_c3
_i72231
_d2016-9-5
_e2016-9-5
_lCCODEBUL1
_mBUL
_n2
_p36.76
_r0
_sY
_tBOOK
_u2015-11-27
_xSALUD
_PP33
_0COMPRA
_o.STAFF. Colección General
994 _aC0
_bPEPRU
596 _a1
999 _a613.264 B38
_wDEWEY
_c8017
_i72229
_d8017
_e2019-5-13
_f2021-11-4
_g5
_lCCODEBUL1
_mBUL
_n2
_p36.76
_r0
_sY
_tBOOK
_u2015-11-27
_xSALUD
_PP33
_0COMPRA
_o.STAFF. Colección General
999 _a613.264 B38
_wDEWEY
_c2
_i72230
_d2019-9-1
_f2021-11-4
_g5
_lCCODEBUL1
_mBUL
_p36.76
_q3
_r0
_sY
_tBOOK
_u2015-11-27
_xSALUD
_PP33
_0COMPRA
_o.STAFF. Colección General
999 _a613.264 B38
_wDEWEY
_c3
_i72231
_d2016-9-5
_e2016-9-5
_f2021-11-4
_g5
_lCCODEBUL1
_mBUL
_n2
_p36.76
_r0
_sY
_tBOOK
_u2015-11-27
_xSALUD
_PP33
_0COMPRA
_o.STAFF. Colección Ciencias de la Salud
980 _81
_gALBERTO SANCHEZ Responsable de Automatización